[Event "Cork Masters 2025"]
[Site "Cork IRL"]
[Date "2025.10.03"]
[Round "1.1"]
[White "Fitzsimons, David"]
[Black "Luna Ordonez, Alejandro"]
[Result "1-0"]
[WhiteTitle "IM"]
[WhiteElo "2286"]
[BlackElo "1906"]
[WhiteICU "2339"]
[WhiteClub "Elm Mount"]
[WhiteNationality "IRL"]
[BlackNationality "ESP"]
[WhiteFideId "2501961"]
[BlackFideId "54780233"]
[PlyCount "71"]
[FIDETournamentId "435511"]
[ICUTournamentId "2569"]
[ChessResultsKey "1246470"]
[EventSection "1/3"]
[Venue "Clayton Hotel Cork City, 10 Lapp's Quay, Cork, T12 RD6E"]
[EventDate "2025.10.03"]

{ Event information: <a
href="https://www.irlchess.com/cork2025_allfiles/pairings_cork2025.html">Tournament
report</a>. }

1. e4 c5 2. Nf3 Nc6 3. Bb5 g6 4. O-O Bg7 5. Bxc6 dxc6 6. d3 Nf6 7. Re1 Nd7
8. e5 Nf8 9. Be3 Ne6 10. Nbd2 O-O 11. Ne4 b6 12. Qd2 Nd4 13. Nxd4 cxd4 14.
Bh6 Qd5 15. Bxg7 Kxg7 16. Qg5 Qe6 17. Qh4 h6 18. Ng3 c5 19. f4 Bb7 20. f5
gxf5 21. Rf1 Kh7 22. Rxf5 Rg8 23. Raf1 Rg7 24. R1f2 Rag8 25. b3 a6 26. Kf1
b5 27. Rh5 Rg5 28. Rxg5 Rxg5 29. Qf4 Kg6 30. Re2 h5 31. h3 Bd5 32. Kg1 Bb7
33. a3 a5 34. Ne4 Bxe4 35. Qxe4+ Kg7 36. Qf4 1-0

[Event "Cork Masters 2025"]
[Site "Cork IRL"]
[Date "2025.10.03"]
[Round "1.2"]
[White "Taaffe, Paul"]
[Black "Gubanov, Oleg"]
[Result "0-1"]
[BlackTitle "IM"]
[WhiteElo "1905"]
[BlackElo "2269"]
[WhiteICU "1897"]
[BlackICU "2254"]
[WhiteClub "Malahide"]
[BlackClub "Ennis"]
[WhiteNationality "IRL"]
[BlackNationality "IRL"]
[WhiteFideId "2503549"]
[BlackFideId "14115115"]
[PlyCount "46"]
[FIDETournamentId "435511"]
[ICUTournamentId "2569"]
[ChessResultsKey "1246470"]
[EventSection "1/3"]
[Venue "Clayton Hotel Cork City, 10 Lapp's Quay, Cork, T12 RD6E"]
[EventDate "2025.10.03"]

{ Event information: <a
href="https://www.irlchess.com/cork2025_allfiles/pairings_cork2025.html">Tournament
report</a>. }

1. e4 c5 2. Nf3 d6 3. d4 cxd4 4. Nxd4 Nf6 5. Nc3 a6 6. Bc4 e6 7. a4 Qc7 8.
Qe2 Nc6 9. Nxc6 bxc6 10. O-O Be7 11. Be3 d5 12. Bd3 Bb7 13. Rfe1 O-O 14.
exd5 cxd5 15. Bd4 Rfe8 16. a5 Nd7 17. Qh5 g6 18. Qg4 e5 19. Bb6 Nxb6 20.
axb6 Qxb6 21. b3 e4 22. Bf1 Qc7 23. Qg3 Bd6 0-1

[Event "Cork Masters 2025"]
[Site "Cork IRL"]
[Date "2025.10.03"]
[Round "1.3"]
[White "Venkatesan, Kavin"]
[Black "Leichert, Piotr"]
[Result "1-0"]
[WhiteTitle "FM"]
[WhiteElo "2267"]
[BlackElo "1902"]
[WhiteICU "2270"]
[BlackICU "1897"]
[WhiteClub "St. Benildus"]
[BlackClub "Cork"]
[WhiteNationality "IRL"]
[BlackNationality "POL"]
[WhiteFideId "2512602"]
[BlackFideId "1107658"]
[PlyCount "49"]
[FIDETournamentId "435511"]
[ICUTournamentId "2569"]
[ChessResultsKey "1246470"]
[EventSection "1/3"]
[Venue "Clayton Hotel Cork City, 10 Lapp's Quay, Cork, T12 RD6E"]
[EventDate "2025.10.03"]

{ Event information: <a
href="https://www.irlchess.com/cork2025_allfiles/pairings_cork2025.html">Tournament
report</a>. }

1. d4 Nf6 2. c4 c5 3. d5 g6 4. Nc3 Bg7 5. e4 d6 6. f4 O-O 7. Nf3 e6 8. dxe6
fxe6 9. Bd3 Nc6 10. O-O a6 11. Ng5 Qe7 12. Bd2 Nd4 13. Qe1 Nd7 14. Qg3 b5
15. Rae1 b4 16. Nd1 Bb7 17. Ne3 a5 18. Ng4 a4 19. f5 Ne5 20. Qh3 h6 21.
Nxe5 dxe5 22. fxg6 a3 23. Nf7 axb2 24. Bxh6 Bf6 25. Bg5 1-0

[Event "Cork Masters 2025"]
[Site "Cork IRL"]
[Date "2025.10.03"]
[Round "1.4"]
[White "O'Donovan, Paul"]
[Black "Hohelj, Stanislav"]
[Result "0-1"]
[WhiteElo "1901"]
[BlackElo "2204"]
[WhiteICU "1889"]
[WhiteClub "CCYMS"]
[WhiteNationality "IRL"]
[BlackNationality "UKR"]
[WhiteFideId "2505550"]
[BlackFideId "14101394"]
[PlyCount "104"]
[FIDETournamentId "435511"]
[ICUTournamentId "2569"]
[ChessResultsKey "1246470"]
[EventSection "1/3"]
[Venue "Clayton Hotel Cork City, 10 Lapp's Quay, Cork, T12 RD6E"]
[EventDate "2025.10.03"]

{ Event information: <a
href="https://www.irlchess.com/cork2025_allfiles/pairings_cork2025.html">Tournament
report</a>. }

1. e4 c5 2. Nf3 Nc6 3. c3 e6 4. d4 d5 5. exd5 Qxd5 6. Be2 Nf6 7. O-O b6 8.
h3 Bb7 9. Be3 O-O-O 10. Nbd2 cxd4 11. cxd4 Kb8 12. a3 Qd7 13. Bb5 Bd6 14.
Rc1 a6 15. Ne5 Bxe5 16. Bxc6 Bxc6 17. dxe5 Nd5 18. Nc4 Bb5 19. Re1 Bxc4 20.
Rxc4 Rc8 21. Qb3 Qb5 22. Qxb5 axb5 23. Rg4 g6 24. Re2 Rc6 25. Rg3 Rhc8 26.
Rf3 R8c7 27. g4 Kb7 28. h4 Rc4 29. Rg3 Re4 30. Rd2 Rxe5 31. Bd4 Re1+ 32.
Kg2 e5 33. Be3 Rd7 34. Kh2 Nf6 35. g5 Rxd2 36. Bxd2 Re2 37. Be3 Nd5 38. Kh3
Nxe3 39. fxe3 Rf2 40. Kg4 f5+ 41. gxf6 Rxf6 42. Kg5 Rf5+ 43. Kg4 Rf2 44.
Kg5 Rf5+ 45. Kg4 Kc6 46. Rg2 Kd5 47. Rc2 Ke4 48. Rc3 h5+ 49. Kg3 Rf3+ 50.
Kg2 Rxe3 51. Rc6 Rb3 52. Rxb6 Rxb2+ 0-1

[Event "Cork Masters 2025"]
[Site "Cork IRL"]
[Date "2025.10.03"]
[Round "1.5"]
[White "Arun, Nitish"]
[Black "Carey, Paul"]
[Result "1-0"]
[WhiteElo "2094"]
[BlackElo "1896"]
[WhiteICU "2130"]
[BlackICU "1831"]
[WhiteClub "Cork"]
[WhiteNationality "IRL"]
[BlackNationality "IRL"]
[WhiteFideId "2524201"]
[BlackFideId "2503034"]
[PlyCount "119"]
[FIDETournamentId "435511"]
[ICUTournamentId "2569"]
[ChessResultsKey "1246470"]
[EventSection "1/3"]
[Venue "Clayton Hotel Cork City, 10 Lapp's Quay, Cork, T12 RD6E"]
[EventDate "2025.10.03"]

{ Event information: <a
href="https://www.irlchess.com/cork2025_allfiles/pairings_cork2025.html">Tournament
report</a>. }

1. d4 Nf6 2. c4 b6 3. Nc3 Bb7 4. Nf3 d6 5. Qc2 Nbd7 6. e4 e5 7. d5 Be7 8.
Be2 h6 9. Rb1 O-O 10. O-O Kh7 11. b4 Rg8 12. Na4 Bc8 13. c5 Nf8 14. Rd1 Ne8
15. Nc3 Ng6 16. Be3 Rf8 17. Nd2 f5 18. exf5 Bxf5 19. Bd3 Qc8 20. Bxf5 Qxf5
21. Qxf5 Rxf5 22. Nde4 Rf7 23. Nb5 Bf8 24. g3 a6 25. Nbc3 bxc5 26. bxc5 Be7
27. c6 Bd8 28. Rb7 Rf8 29. Rdb1 Nf6 30. Rb8 Be7 31. Nxf6+ gxf6 32. Rxf8
Nxf8 33. Rb7 Bd8 34. Bb6 Rc8 35. Ra7 Kg6 36. Ba5 f5 37. Rxa6 Nh7 38. Ra7
Nf6 39. Rb7 Ne8 40. Kg2 Ra8 41. Bb4 Nf6 42. a3 Ne8 43. Rb5 Bg5 44. Ne2 h5
45. Ra5 Rc8 46. Ra7 h4 47. a4 hxg3 48. hxg3 Nf6 49. Ra5 Rb8 50. Bc3 Ne4 51.
Ra7 Bd8 52. a5 Kf7 53. a6 Nf6 54. Rb7 Ra8 55. a7 Ke7 56. Bd2 Ne4 57. Be3
Nc5 58. Bxc5 dxc5 59. Nc3 Kd6 60. Rb8 1-0

[Event "Cork Masters 2025"]
[Site "Cork IRL"]
[Date "2025.10.03"]
[Round "1.6"]
[White "Kurochkin, Iaromir"]
[Black "Bartczak, Korneliusz"]
[Result "0-1"]
[WhiteElo "1894"]
[BlackElo "2071"]
[BlackICU "2123"]
[BlackClub "Limerick"]
[WhiteNationality "IRL"]
[BlackNationality "IRL"]
[WhiteFideId "2516969"]
[BlackFideId "2523558"]
[PlyCount "118"]
[FIDETournamentId "435511"]
[ICUTournamentId "2569"]
[ChessResultsKey "1246470"]
[EventSection "1/3"]
[Venue "Clayton Hotel Cork City, 10 Lapp's Quay, Cork, T12 RD6E"]
[EventDate "2025.10.03"]

{ Event information: <a
href="https://www.irlchess.com/cork2025_allfiles/pairings_cork2025.html">Tournament
report</a>. }

1. e4 e5 2. Nf3 Nc6 3. d4 exd4 4. Bc4 Nf6 5. O-O Nxe4 6. Re1 d5 7. Bxd5
Qxd5 8. Nc3 Qa5 9. Nxe4 Be6 10. Neg5 O-O-O 11. Nxe6 fxe6 12. Rxe6 Bd6 13.
Qe1 Qh5 14. Qe4 Rdf8 15. h3 Nd8 16. Rxd6 cxd6 17. Qxd4 Nc6 18. Qc3 Rf6 19.
Be3 Rhf8 20. Nd4 Qd5 21. b4 Rg6 22. g3 Kb8 23. Nxc6+ Qxc6 24. Qxc6 bxc6 25.
c4 Re6 26. Bf4 Kb7 27. Rd1 Rff6 28. c5 d5 29. h4 Re2 30. a3 Ka6 31. a4 Rfe6
32. b5+ Kb7 33. Kg2 Ra2 34. Rb1 Ree2 35. Kh3 Rxf2 36. bxc6+ Kxc6 37. Bd6 h5
38. g4 Rf3+ 39. Bg3 Raa3 40. Rg1 hxg4+ 41. Kxg4 Rxg3+ 42. Rxg3 Rxg3+ 43.
Kxg3 Kxc5 44. Kf2 Kc4 45. Ke2 d4 46. Kd2 a5 47. h5 d3 48. Kd1 Kb3 49. Kd2
Kxa4 50. Kxd3 Kb3 51. Ke4 a4 52. Kf5 a3 53. Kg6 a2 54. Kxg7 a1=Q+ 55. Kh7
Kc4 56. h6 Qb1+ 57. Kg8 Qg6+ 58. Kh8 Qf7 59. h7 Qf8# 0-1

[Event "Cork Masters 2025"]
[Site "Cork IRL"]
[Date "2025.10.04"]
[Round "2.1"]
[White "Kelly, John C."]
[Black "Fitzsimons, David"]
[Result "0-1"]
[BlackTitle "IM"]
[WhiteElo "1937"]
[BlackElo "2286"]
[WhiteICU "1929"]
[BlackICU "2339"]
[WhiteClub "Carlow"]
[BlackClub "Elm Mount"]
[WhiteNationality "IRL"]
[BlackNationality "IRL"]
[WhiteFideId "2509377"]
[BlackFideId "2501961"]
[PlyCount "50"]
[FIDETournamentId "435511"]
[ICUTournamentId "2569"]
[ChessResultsKey "1246470"]
[EventSection "1/3"]
[Venue "Clayton Hotel Cork City, 10 Lapp's Quay, Cork, T12 RD6E"]
[EventDate "2025.10.03"]

{ Event information: <a
href="https://www.irlchess.com/cork2025_allfiles/pairings_cork2025.html">Tournament
report</a>. }

1. d4 Nf6 2. Bg5 e6 3. e4 h6 4. Bxf6 Qxf6 5. e5 Qd8 6. Bd3 c5 7. c3 Nc6 8.
Nf3 cxd4 9. cxd4 Qb6 10. Qb3 Bb4+ 11. Nc3 Nxd4 12. Qd1 Qc5 13. O-O Nxf3+
14. Qxf3 Bxc3 15. bxc3 Qxe5 16. c4 O-O 17. h4 Rb8 18. Rfe1 Qc5 19. Rab1 b6
20. Qe4 f5 21. Qf4 d6 22. Rb3 e5 23. Qd2 Bd7 24. Bf1 Bc6 25. Rg3 Rf6 0-1

[Event "Cork Masters 2025"]
[Site "Cork IRL"]
[Date "2025.10.04"]
[Round "2.2"]
[White "Gubanov, Oleg"]
[Black "O'Driscoll, Kieran"]
[Result "1/2-1/2"]
[WhiteTitle "IM"]
[WhiteElo "2269"]
[BlackElo "2044"]
[WhiteICU "2254"]
[BlackICU "1989"]
[WhiteClub "Ennis"]
[WhiteNationality "IRL"]
[BlackNationality "IRL"]
[WhiteFideId "14115115"]
[BlackFideId "2501899"]
[PlyCount "121"]
[FIDETournamentId "435511"]
[ICUTournamentId "2569"]
[ChessResultsKey "1246470"]
[EventSection "1/3"]
[Venue "Clayton Hotel Cork City, 10 Lapp's Quay, Cork, T12 RD6E"]
[EventDate "2025.10.03"]

{ Event information: <a
href="https://www.irlchess.com/cork2025_allfiles/pairings_cork2025.html">Tournament
report</a>. }

1. d4 d5 2. c4 c6 3. Nf3 Nf6 4. e3 e6 5. Nc3 Nbd7 6. Bd3 dxc4 7. Bxc4 b5 8.
Bd3 a6 9. a4 Bb7 10. O-O b4 11. Ne4 c5 12. Nxc5 Nxc5 13. dxc5 Bxc5 14. Qe2
O-O 15. e4 Qc7 16. Bg5 Nd7 17. Rac1 Qa5 18. b3 f6 19. Be3 Bxe3 20. Qxe3 Kh8
21. Rc4 Rac8 22. Rfc1 Rxc4 23. Rxc4 Rc8 24. Rxc8+ Bxc8 25. Bc4 Nc5 26. e5
Qc7 27. Qd4 f5 28. h3 Kg8 29. Qf4 g6 30. Nd4 Kf7 31. g4 Ke8 32. gxf5 gxf5
33. Qg3 Kf8 34. Kh2 Qd7 35. Qh4 Qe8 36. Qf6+ Qf7 37. Qxf7+ Kxf7 38. Nxf5
Kf8 39. Nd6 Bd7 40. Kg3 Bc6 41. Kf4 Bd5 42. Ke3 Bxc4 43. Nxc4 Nxb3 44. Nb2
Kg7 45. Kd3 Na5 46. f4 Kg6 47. Kd4 Kf5 48. Kc5 Kxf4 49. Kb6 Nb3 50. Kxa6
Nc5+ 51. Kb5 Nxa4 52. Kxa4 Kxe5 53. Kxb4 Kf4 54. Kc4 Kg3 55. Kd4 Kxh3 56.
Nd3 Kg3 57. Ne5 h5 58. Ng6 h4 59. Nxh4 Kxh4 60. Ke5 Kg4 61. Kxe6 1/2-1/2

[Event "Cork Masters 2025"]
[Site "Cork IRL"]
[Date "2025.10.04"]
[Round "2.3"]
[White "Fil, Alkim Alper"]
[Black "Venkatesan, Kavin"]
[Result "0-1"]
[BlackTitle "FM"]
[WhiteElo "1884"]
[BlackElo "2267"]
[WhiteICU "1992"]
[BlackICU "2270"]
[WhiteClub "CCYMS"]
[BlackClub "St. Benildus"]
[WhiteNationality "TUR"]
[BlackNationality "IRL"]
[WhiteFideId "6309747"]
[BlackFideId "2512602"]
[PlyCount "84"]
[FIDETournamentId "435511"]
[ICUTournamentId "2569"]
[ChessResultsKey "1246470"]
[EventSection "1/3"]
[Venue "Clayton Hotel Cork City, 10 Lapp's Quay, Cork, T12 RD6E"]
[EventDate "2025.10.03"]
[WhiteFullName "F&#305;l, Alkim Alper"]

{ Event information: <a
href="https://www.irlchess.com/cork2025_allfiles/pairings_cork2025.html">Tournament
report</a>. }

1. d4 Nf6 2. c4 e6 3. Nf3 d5 4. g3 Bb4+ 5. Nbd2 dxc4 6. Bg2 b5 7. a3 Bxd2+
8. Bxd2 Bb7 9. b3 cxb3 10. Qxb3 a6 11. a4 Bd5 12. Qa3 Nbd7 13. O-O Ne4 14.
Ba5 Nd6 15. Qxd6 cxd6 16. Bxd8 Rxd8 17. axb5 axb5 18. Rfb1 Bc4 19. e3 O-O
20. Nd2 d5 21. Ra7 Nf6 22. Rba1 Rb8 23. Rc7 Rfc8 24. Raa7 Rxc7 25. Rxc7 Ne8
26. Rc5 Kf8 27. e4 Nf6 28. h3 Nd7 29. Rc7 Nb6 30. Rc5 b4 31. Nxc4 dxc4 32.
Bf1 c3 33. Bb5 Nc8 34. Ba4 Nd6 35. f3 b3 36. Rc6 b2 37. Bc2 b1=Q+ 38. Bxb1
Rxb1+ 39. Kf2 Nb5 40. Ke3 c2 41. Rxc2 Rb3+ 42. Kf2 Rxf3+ 0-1

[Event "Cork Masters 2025"]
[Site "Cork IRL"]
[Date "2025.10.04"]
[Round "2.4"]
[White "Hohelj, Stanislav"]
[Black "Comley, Jamie"]
[Result "1/2-1/2"]
[WhiteElo "2204"]
[BlackElo "1885"]
[BlackICU "1930"]
[BlackClub "Limerick"]
[WhiteNationality "UKR"]
[BlackNationality "IRL"]
[WhiteFideId "14101394"]
[BlackFideId "2524260"]
[PlyCount "124"]
[FIDETournamentId "435511"]
[ICUTournamentId "2569"]
[ChessResultsKey "1246470"]
[EventSection "1/3"]
[Venue "Clayton Hotel Cork City, 10 Lapp's Quay, Cork, T12 RD6E"]
[EventDate "2025.10.03"]

{ Event information: <a
href="https://www.irlchess.com/cork2025_allfiles/pairings_cork2025.html">Tournament
report</a>. }

1. e4 c5 2. Nf3 d6 3. Bb5+ Nd7 4. d4 cxd4 5. Qxd4 e5 6. Qd3 a6 7. Bxd7+
Bxd7 8. Nc3 Rc8 9. Bg5 Qc7 10. O-O-O h6 11. Be3 Nf6 12. Kb1 Be7 13. Rc1 b5
14. Nd2 O-O 15. f3 b4 16. Nd5 Nxd5 17. exd5 f5 18. Qb3 Qa5 19. Nc4 Qxd5 20.
Nb6 Qxb3 21. axb3 Rcd8 22. Nd5 Kf7 23. Nxb4 a5 24. Nd5 Bg5 25. Rhe1 Bc6 26.
Rcd1 Ke6 27. c4 Bxe3 28. Rxe3 g5 29. b4 axb4 30. Nxb4 Bb7 31. Nd5 Rc8 32.
b3 Rc5 33. Red3 e4 34. fxe4 fxe4 35. Re3 Bxd5 36. cxd5+ Rxd5 37. Rxe4+ Re5
38. Red4 Rd8 39. Kb2 Re2+ 40. R1d2 Rxd2+ 41. Rxd2 Ke5 42. Kc3 Rc8+ 43. Kd3
Rb8 44. Kc4 Rc8+ 45. Kd3 Rb8 46. Rb2 d5 47. b4 Rb5 48. Kc3 Ke4 49. Re2+ Kf5
50. Re7 Rb8 51. Rd7 Ke5 52. Re7+ Kf5 53. Re2 Rb5 54. Re8 Rb7 55. Rh8 Rb6
56. Ra8 Ke4 57. Re8+ Kf5 58. Kb3 Rb7 59. Kc3 Rb6 60. Rf8+ Ke5 61. Re8+ Kf5
62. Rf8+ Ke5 1/2-1/2

[Event "Cork Masters 2025"]
[Site "Cork IRL"]
[Date "2025.10.04"]
[Round "2.5"]
[White "Cogelja, Mihovil Niko"]
[Black "Arun, Nitish"]
[Result "1/2-1/2"]
[WhiteElo "1849"]
[BlackElo "2094"]
[WhiteICU "1884"]
[BlackICU "2130"]
[WhiteClub "Cork"]
[BlackClub "Cork"]
[WhiteNationality "IRL"]
[BlackNationality "IRL"]
[WhiteFideId "2528304"]
[BlackFideId "2524201"]
[PlyCount "79"]
[FIDETournamentId "435511"]
[ICUTournamentId "2569"]
[ChessResultsKey "1246470"]
[EventSection "1/3"]
[Venue "Clayton Hotel Cork City, 10 Lapp's Quay, Cork, T12 RD6E"]
[EventDate "2025.10.03"]

{ Event information: <a
href="https://www.irlchess.com/cork2025_allfiles/pairings_cork2025.html">Tournament
report</a>. }

1. e4 c5 2. Nf3 d6 3. d4 cxd4 4. Nxd4 Nf6 5. Nc3 g6 6. Be3 Bg7 7. f3 O-O 8.
Qd2 Nc6 9. O-O-O d5 10. Nxc6 bxc6 11. exd5 Nxd5 12. Bd4 e5 13. Bc5 Re8 14.
Ne4 Qc7 15. h4 f5 16. Nd6 Rd8 17. Nxc8 Raxc8 18. h5 Nb6 19. Bxb6 Rxd2 20.
Bc4+ Kf8 21. Bxc7 Rxd1+ 22. Rxd1 Rxc7 23. hxg6 Bh6+ 24. Kb1 hxg6 25. Rd6
Kg7 26. Re6 Bf4 27. b4 Kh6 28. Kb2 Kg5 29. Kb3 Bh2 30. Bd3 Bg3 31. Kc4 Bf4
32. a4 Bg3 33. c3 Bf4 34. Kc5 Bd2 35. Kc4 Bf4 36. Kb3 Bg3 37. b5 cxb5 38.
Bxb5 Rg7 39. c4 Kf4 40. Be8 1/2-1/2

[Event "Cork Masters 2025"]
[Site "Cork IRL"]
[Date "2025.10.04"]
[Round "2.6"]
[White "Bartczak, Korneliusz"]
[Black "Kelbas, Dariy"]
[Result "1/2-1/2"]
[WhiteElo "2071"]
[BlackElo "1816"]
[WhiteICU "2123"]
[BlackICU "1940"]
[WhiteClub "Limerick"]
[WhiteNationality "IRL"]
[BlackNationality "UKR"]
[WhiteFideId "2523558"]
[BlackFideId "34160515"]
[PlyCount "133"]
[FIDETournamentId "435511"]
[ICUTournamentId "2569"]
[ChessResultsKey "1246470"]
[EventSection "1/3"]
[Venue "Clayton Hotel Cork City, 10 Lapp's Quay, Cork, T12 RD6E"]
[EventDate "2025.10.03"]

{ Event information: <a
href="https://www.irlchess.com/cork2025_allfiles/pairings_cork2025.html">Tournament
report</a>. }

1. e4 d5 2. exd5 Qxd5 3. Nc3 Qa5 4. d4 Nf6 5. Nf3 Bg4 6. h3 Bh5 7. g4 Bg6
8. Ne5 c6 9. Bc4 e6 10. Qe2 Qd8 11. Bg5 Bb4 12. O-O Qxd4 13. Rad1 Qc5 14.
h4 Bxc3 15. bxc3 b5 16. Bxe6 O-O 17. Bb3 Nd5 18. Qf3 Nxc3 19. h5 Qxe5 20.
hxg6 Qxg5 21. gxf7+ Kh8 22. Qxc3 Qxg4+ 23. Qg3 Qxg3+ 24. fxg3 Na6 25. Rd6
Nc5 26. Rxc6 Nxb3 27. axb3 b4 28. g4 g6 29. Rc7 Kg7 30. Rf4 a5 31. Kf2 Rac8
32. Rxc8 Rxc8 33. Kg3 Rf8 34. Rc4 Rxf7 35. Rc5 Ra7 36. c3 bxc3 37. Rxc3 Rb7
38. g5 h6 39. gxh6+ Kxh6 $10 40. Kg4 Rb4+ 41. Kg3 g5 42. Kh3 Kg6 43. Kg3
Kh5 44. Kh3 Rb5 45. Kg3 g4 46. Rd3 Kg5 47. Rc3 Kf5 48. Re3 $2 (48. Kf2 $1 {
is the only move to draw, per the Syzygy tablebases: } 48... Ke4 49. Ke2 $1
$10) 48... Rc5 $19 49. Rd3 Ke4 50. Rd1 Rc3+ 51. Kxg4 Rxb3 52. Ra1 Rb5 53.
Ra4+ Kd3 54. Kf3 Kc2 $2 (54... Rf5+ { or rook to anywhere else on the 5th
rank is the only way to preserve the win with best play. }) 55. Ke3 $1 {
Only move. } 55... Rd5 56. Ke4 Rh5 57. Rc4+ $2 (57. Ke3 $1 $10 { (only
move). }) 57... Kb3 $19 58. Rc8 Rb5 $2 (58... Rh3 $1 $19 { (only move). })
59. Kd4 a4 60. Rh8 $2 (60. Rc3+ $1 $10 { (only move). }) 60... a3 $19 61.
Rh3+ Kb2 $2 (61... Kb4 ({ or } 61... Ka4 $19)) 62. Rh2+ $2 { This allows
White a reprieve to get back to the previous winning line. } (62. Kc4 $1
$10 { (only move). }) 62... Ka1 $2 (62... Kb3 $19) 63. Kc3 $10 a2 64. Rh1+
Rb1 65. Rh2 Rg1 66. Kb3 Rg3+ 67. Kc2 1/2-1/2

[Event "Cork Masters 2025"]
[Site "Cork IRL"]
[Date "2025.10.04"]
[Round "3.1"]
[White "Fitzsimons, David"]
[Black "Venkatesan, Kavin"]
[Result "1/2-1/2"]
[WhiteTitle "IM"]
[BlackTitle "FM"]
[WhiteElo "2286"]
[BlackElo "2267"]
[WhiteICU "2339"]
[BlackICU "2270"]
[WhiteClub "Elm Mount"]
[BlackClub "St. Benildus"]
[WhiteNationality "IRL"]
[BlackNationality "IRL"]
[WhiteFideId "2501961"]
[BlackFideId "2512602"]
[PlyCount "47"]
[FIDETournamentId "435511"]
[ICUTournamentId "2569"]
[ChessResultsKey "1246470"]
[EventSection "1/3"]
[Venue "Clayton Hotel Cork City, 10 Lapp's Quay, Cork, T12 RD6E"]
[EventDate "2025.10.03"]

{ Event information: <a
href="https://www.irlchess.com/cork2025_allfiles/pairings_cork2025.html">Tournament
report</a>. }

1. e4 c5 2. Nf3 d6 3. Bb5+ Bd7 4. Bxd7+ Qxd7 5. c4 e5 6. Nc3 Nc6 7. d3 Be7
8. O-O f5 9. exf5 Qxf5 10. Nd5 Bd8 11. b4 cxb4 12. a3 Nge7 13. Ne3 Qg6 14.
axb4 Nxb4 15. d4 exd4 16. Nxd4 O-O 17. Ba3 Nd3 18. Nb5 Nb4 19. Nd4 Nbc6 20.
Qb3 Nb4 21. Bc1 a5 22. Bd2 Qd3 23. Bxb4 Qxd4 24. Qd1 1/2-1/2

[Event "Cork Masters 2025"]
[Site "Cork IRL"]
[Date "2025.10.04"]
[Round "3.2"]
[White "Geaney-O'Brien, David"]
[Black "Gubanov, Oleg"]
[Result "1/2-1/2"]
[BlackTitle "IM"]
[WhiteElo "1983"]
[BlackElo "2269"]
[WhiteICU "1962"]
[BlackICU "2254"]
[WhiteClub "Cork"]
[BlackClub "Ennis"]
[WhiteNationality "IRL"]
[BlackNationality "IRL"]
[WhiteFideId "2509164"]
[BlackFideId "14115115"]
[PlyCount "97"]
[FIDETournamentId "435511"]
[ICUTournamentId "2569"]
[ChessResultsKey "1246470"]
[EventSection "1/3"]
[Venue "Clayton Hotel Cork City, 10 Lapp's Quay, Cork, T12 RD6E"]
[EventDate "2025.10.03"]

{ Event information: <a
href="https://www.irlchess.com/cork2025_allfiles/pairings_cork2025.html">Tournament
report</a>. } { Other information: Other information: A <a
href="../album-d459874977-downloads/Oleg Gubanov.jpg">photo</a> of Oleg
Gubanov during the game, after 16... Bxe4, appeared on Brendan O'Gorman's
<a
href="https://brendanogorman.smugmug.com/Chess/2025/Cork-Chess-Congress-2025?fbclid=IwY2xjawNSbaJleHRuA2FlbQIxMQABHgJkBuPxQ6Bd81YvgaVSuOKqZAb6HxNpLh-ZSxUOoW4RWo5RE6wuzpvXH2EW_aem_azACohyOiSBfBpo5q2JtAQ">SmugMug
page</a>. }

1. e4 d6 2. d4 g6 3. Nc3 Bg7 4. Be3 a6 5. Nf3 Nf6 6. Qd2 b5 7. Bh6 O-O 8.
Bd3 Bb7 9. O-O-O b4 10. Nd5 Nbd7 11. h4 Bxh6 12. Qxh6 Ng4 13. Qd2 e6 14.
Ne3 Ngf6 15. h5 Nxe4 16. Bxe4 Bxe4 17. hxg6 fxg6 18. Ng4 Bxf3 19. gxf3 Nf6
20. Qh6 Rf7 21. Rdg1 Nxg4 22. Rxg4 Qf6 23. Rhg1 Rg7 24. Rf4 Qe7 25. Re1 Re8
26. Rfe4 Rf7 27. Qh3 Qg5+ 28. Kb1 Qf5 29. Qf1 Qxf3 30. Qxa6 Qxf2 31. Qb5
Ree7 32. Qxb4 Kg7 33. a4 c5 34. dxc5 Qxc5 35. Qxc5 dxc5 36. a5 h5 37. Rxe6
Rxe6 38. Rxe6 Ra7 39. a6 h4 40. Kc1 Kh6 41. Kd2 Kh5 42. Ke3 g5 43. Kf2 Kg4
44. Kg2 Rd7 45. Re4+ Kf5 46. Ra4 Ra7 47. Kh3 Ke5 48. Kg4 Kd5 49. Kxg5
1/2-1/2